| 000 | 00391 a2200169 4500 | ||
|---|---|---|---|
| 003 | OSt | ||
| 005 | 20180116182723.0 | ||
| 008 | 160429b xxu||||| |||| 00| 0 eng d | ||
| 020 | _a9788131719527 | ||
| 040 | _c0 | ||
| 100 | _aMichael Drafke. | ||
| 245 | _aThe human side of organizations | ||
| 250 | _a9th | ||
| 260 |
_aDelhi _c2006 |
||
| 300 | _a552 | ||
| 942 |
_aNBS _cBK _k658.3 DRA _2ddc |
||
| 999 |
_c344773 _d344773 |
||